000 00562nam a2200193Ia 4500
003 OSt
005 20200729113751.0
008 190216s9999||||xx |||||||||||||| ||und||
020 _a9780071233651
040 _coclc
082 _a515.9
_bBRO/C
100 _aBrown, James Ward
_93838
245 0 _aComplex Variables And Applications /
_cJames Ward Brown ; Ruel V Churchill
250 _a7th Ed.
260 _bMcGraw Hill,
_c2003.
_aBoston:
300 _a458p
650 _aMathematics
942 _cBK
_2ddc
_h515.9
_iBRO/C
_k515.9
_mBRO/C
999 _c31821
_d31821